Research on activated carbon preparation from macadamia shells koh activating agent applied for methylene blue treatment
Zapisane w:
| 1. autor: | |
|---|---|
| Kolejni autorzy: | |
| Format: | Książka |
| Język: | Undetermined |
| Hasła przedmiotowe: | |
| Dostęp online: | http://lrc.tdmu.edu.vn/opac/search/detail.asp?aID=2&ID=37896 |
| Etykiety: |
Dodaj etykietę
Nie ma etykietki, Dołącz pierwszą etykiete!
|
| Thư viện lưu trữ: | Trung tâm Học liệu Trường Đại học Thủ Dầu Một |
|---|
| LEADER | 00671nam a2200157Ia 4500 | ||
|---|---|---|---|
| 001 | TDMU_37896 | ||
| 008 | 210410s9999 xx 000 0 und d | ||
| 082 | |a NULL | ||
| 100 | |a Dao, Minh Trung | ||
| 245 | 0 | |a Research on activated carbon preparation from macadamia shells koh activating agent applied for methylene blue treatment | |
| 245 | 0 | |c Dao Minh Trung...[và những người khác] | |
| 300 | |a Tr.18-25 | ||
| 650 | |a Activated carbon ; Macadamia shells; Methylene blue color apsorption | ||
| 700 | |a Nguyen, Xuan Du | ||
| 856 | |u http://lrc.tdmu.edu.vn/opac/search/detail.asp?aID=2&ID=37896 | ||
| 980 | |a Trung tâm Học liệu Trường Đại học Thủ Dầu Một | ||